000 00611nam a2200205 i 4500
001 142772
003 ES-MaACL
005 20250903011202.0
007 t|
008 071010s1961 sp ||||1| spa d
080 _a51(075.8)
100 1 _aVidal Abascal, Enrique.
_9114464
245 1 0 _aCurso de matemáticas para ingenieros, físicos y químicos /
_cpor Enrique Vidal Abascal.
250 _a3ª ed.
260 _aMadrid :
_bDossat,
_c1961.
300 _aXVIII, 586 p. ;
_c23 cm.
650 0 7 _aMatemáticas
_2embne
_914814
852 _aES-MaACL
_jC-20796
_bR.49391
999 _c142772
_d142772